|
|
|
|
| LEADER |
00791nam a22001931 4500 |
| 001 |
c000198590 |
| 003 |
CARM |
| 005 |
20021125001800.0 |
| 008 |
851003s1974 gw 0 ger d |
| 019 |
1 |
|
|a 3993849
|5 LACONCORD2021
|
| 035 |
|
|
|a (OCoLC)8994150
|5 LACONCORD2021
|
| 100 |
1 |
|
|a Herles, Helmut.
|
| 245 |
1 |
0 |
|a Nestroys Komodie "Der Talisman" /
|c von der ersten Notiz zum vollendeten Werk; mit bisher unveroffentlichten Handschriften.
|
| 260 |
|
|
|a Munchen :
|b Fink,
|c 1974.
|
| 600 |
1 |
0 |
|a Nestroy, Johann Nepomuk,
|d 1801-1862.
|t Der Talisman.
|
| 852 |
8 |
|
|b CARM
|h A2:AK30G0
|i C08073
|p 0284325
|f BK
|
| 082 |
0 |
4 |
|a 832.8
|
| 999 |
f |
f |
|i 1597b35a-8172-5102-b52b-d9ef7d9f72e5
|s ebc7c351-7ea7-50fd-9c18-5be5aaa1be8b
|
| 952 |
f |
f |
|p Can circulate
|a CAVAL
|b CAVAL
|c CAVAL
|d CARM 1 Store
|e C08073
|f A2:AK30G0
|h Other scheme
|i book
|m 0284325
|